| 000 | 00678nam a2200217 a 4500 | ||
|---|---|---|---|
| 001 | 21750 | ||
| 003 | CO-ViMGA | ||
| 008 | 141112s2004 ck r 000 u spa d | ||
| 020 | _a8495040719 | ||
| 040 |
_aCO-ViMGA _bspa _cCO-ViMGA |
||
| 082 | 0 | 4 | _aCOUba |
| 100 | 1 |
_aCousins, Lucy _931034 |
|
| 245 | 1 | 0 | _aMaisy se baña |
| 260 |
_aBarcelona : _bSerres, _c2000 |
||
| 300 | _a20 | ||
| 590 | _aForma de adquisición : Donación fact. 8857 - - Precio : 34000 - - Proveedor : Fundación exito - - Fecha de adquisición : Julio 2007 | ||
| 650 | 1 | 4 |
_aALBUMES INFANTILES _92002 |
| 650 | 1 | 4 |
_aCUENTOS INFANTILES _92743 |
| 650 | 1 | 4 |
_aLIBROS ILUSTRADOS PARA NIÑOS _92001 |
| 942 |
_2ddc _cBK |
||
| 999 |
_c30306 _d30306 |
||